书目信息 |
| 题名: |
克利的日记
|
|
| 作者: | 克利 著 ;雨云 译 | |
| 分册: | ||
| 出版信息: | 重庆 重庆大学出版社 2011 |
|
| 页数: | 284页 | |
| 开本: | 21cm | |
| 丛书名: | ||
| 单 册: | ||
| 中图分类: | I516.65 | |
| 科图分类: | ||
| 主题词: | 日记 | |
| 电子资源: | ||
| ISBN: | 978-7-5624-6242-2 | |
| 000 | 00890nam0 2200277 450 | |
| 001 | 2354332747 | |
| 005 | 20231216150638.99 | |
| 010 | @a978-7-5624-6242-2@dCNY 36.00 | |
| 090 | @aI516.6@bkl | |
| 096 | @aI516.6@bkl | |
| 100 | @a20120208d2011 em y0chiy0120 ea | |
| 101 | 1 | @achi@cger |
| 102 | @aCN@b500000 | |
| 105 | @aa z 000yy | |
| 200 | 1 | @a克利的日记@b专著@dThe diaries of Paul Klee@e1898-1918@f(德)保罗·克利(Paul Klee)著@g雨云译@zeng@Ake li de ri ji |
| 210 | @a重庆@c重庆大学出版社@d2011 | |
| 215 | @a284页@c图,照片@d21cm | |
| 510 | 1 | @aDiaries of Paul Klee@zger |
| 600 | 0 | @a克利@c(Klee, Paul@f1879-1940)@x日记@z1898-1918 |
| 600 | 0 | @a克利@c(Klee, Paul@f1879-1940) |
| 606 | 0 | @a日记 |
| 690 | @aI516.65@v5 | |
| 701 | 0 | @c(瑞士)@a克利@c(Klee,Paul@f1879~1940)@4著@Ake li |
| 702 | 0 | @a雨云@4译@Ayu yun |
| 801 | 2 | @aCN@b辽宁北配@c20231205 |
| 905 | @aBZT@dI516.65@e15 | |
| 克利的日记=The diaries of Paul Klee:1898-1918/(德)保罗·克利(Paul Klee)著/雨云译.-重庆:重庆大学出版社,2011 |
| 284页:图,照片;21cm |
| ISBN 978-7-5624-6242-2:CNY 36.00 |
| ● |
| 相关链接 |
|
|
|
正题名:克利的日记
索取号:I516.65/15
 
预约/预借
| 序号 | 登录号 | 条形码 | 馆藏地/架位号 | 状态 | 备注 |
| 1 | 2001639544 | 2001639544 | 辽三/辽宁北配(第三批)/2910/ [索取号:I516.65/15] | 在馆 | |
| 2 | 2001639545 | 2001639545 | 辽三/辽宁北配(第三批)/2910/ [索取号:I516.65/15] | 在馆 | |
| 3 | 2001639546 | 2001639546 | 辽三/辽宁北配(第三批)/2910/ [索取号:I516.65/15] | 在馆 | |
| 4 | 2001639547 | 2001639547 | 辽三/辽宁北配(第三批)/2910/ [索取号:I516.65/15] | 在馆 | |
| 5 | 2001639548 | 2001639548 | 辽三/辽宁北配(第三批)/2910/ [索取号:I516.65/15] | 在馆 | |
| 6 | 2001639549 | 2001639549 | 辽三/辽宁北配(第三批)/2910/ [索取号:I516.65/15] | 在馆 | |
| 7 | 2001639550 | 2001639550 | 辽三/辽宁北配(第三批)/2910/ [索取号:I516.65/15] | 在馆 | |
| 8 | 2001639551 | 2001639551 | 辽三/辽宁北配(第三批)/2910/ [索取号:I516.65/15] | 在馆 | |
| 9 | 2001639552 | 2001639552 | 辽三/辽宁北配(第三批)/2910/ [索取号:I516.65/15] | 在馆 | |
| 10 | 2001639553 | 2001639553 | 辽三/辽宁北配(第三批)/2910/ [索取号:I516.65/15] | 在馆 | |
| 11 | 2001639554 | 2001639554 | 辽三/辽宁北配(第三批)/2910/ [索取号:I516.65/15] | 在馆 | |
| 12 | 2001639555 | 2001639555 | 辽三/辽宁北配(第三批)/2910/ [索取号:I516.65/15] | 在馆 | |
| 13 | 2001639556 | 2001639556 | 辽三/辽宁北配(第三批)/2910/ [索取号:I516.65/15] | 在馆 | |
| 14 | 2001639557 | 2001639557 | 辽三/辽宁北配(第三批)/2910/ [索取号:I516.65/15] | 在馆 | |
| 15 | 2001639558 | 2001639558 | 辽三/辽宁北配(第三批)/2910/ [索取号:I516.65/15] | 在馆 | |
| 16 | 2001639559 | 2001639559 | 辽三/辽宁北配(第三批)/2910/ [索取号:I516.65/15] | 在馆 | |
| 17 | 2001639560 | 2001639560 | 辽三/辽宁北配(第三批)/2910/ [索取号:I516.65/15] | 在馆 | |
| 18 | 2001639561 | 2001639561 | 辽三/辽宁北配(第三批)/2910/ [索取号:I516.65/15] | 在馆 | |
| 19 | 2001639562 | 2001639562 | 辽三/辽宁北配(第三批)/2910/ [索取号:I516.65/15] | 在馆 | |
| 20 | 2001639563 | 2001639563 | 辽三/辽宁北配(第三批)/2910/ [索取号:I516.65/15] | 在馆 | |
| 21 | 2001639564 | 2001639564 | 辽三/辽宁北配(第三批)/2910/ [索取号:I516.65/15] | 在馆 | |
| 22 | 2001639565 | 2001639565 | 辽三/辽宁北配(第三批)/2910/ [索取号:I516.65/15] | 在馆 | |
| 23 | 2001639566 | 2001639566 | 辽三/辽宁北配(第三批)/2910/ [索取号:I516.65/15] | 在馆 | |
| 24 | 2001639567 | 2001639567 | 辽三/辽宁北配(第三批)/2910/ [索取号:I516.65/15] | 在馆 | |
| 25 | 2001639568 | 2001639568 | 辽三/辽宁北配(第三批)/2910/ [索取号:I516.65/15] | 在馆 | |
| 26 | 2001639569 | 2001639569 | 辽三/辽宁北配(第三批)/2910/ [索取号:I516.65/15] | 在馆 | |
| 27 | 2001639570 | 2001639570 | 辽三/辽宁北配(第三批)/2910/ [索取号:I516.65/15] | 在馆 | |
| 28 | 2001639571 | 2001639571 | 辽三/辽宁北配(第三批)/2910/ [索取号:I516.65/15] | 在馆 |